<?xml version='1.0' encoding='UTF-8'?>
  <record xmlns="http://www.loc.gov/MARC21/slim">
    <leader>00000cam a2200000 i 4500</leader>
    <controlfield tag="001">ocn781597245</controlfield>
    <controlfield tag="003">OCoLC</controlfield>
    <controlfield tag="005">20250617060251.1</controlfield>
    <controlfield tag="008">840606s1984    ne a     bc   000 0 dut d</controlfield>
    <datafield tag="040" ind1=" " ind2=" ">
      <subfield code="a">NLGGC</subfield>
      <subfield code="b">dut</subfield>
      <subfield code="e">fobidrtb</subfield>
      <subfield code="c">NLGGC</subfield>
      <subfield code="d">OCLCO</subfield>
      <subfield code="d">OCLCF</subfield>
      <subfield code="d">BEATB</subfield>
      <subfield code="d">OCLCO</subfield>
      <subfield code="d">OCL</subfield>
      <subfield code="d">OCLCA</subfield>
      <subfield code="d">OCLCQ</subfield>
      <subfield code="d">OCL</subfield>
      <subfield code="d">L2U</subfield>
      <subfield code="d">OCLCA</subfield>
      <subfield code="d">OCLCO</subfield>
      <subfield code="d">OCLCL</subfield>
      <subfield code="d">OCLCQ</subfield>
      <subfield code="d">OCLCL</subfield>
    </datafield>
    <datafield tag="015" ind1=" " ind2=" ">
      <subfield code="a">B8436046</subfield>
      <subfield code="2">bccb</subfield>
    </datafield>
    <datafield tag="020" ind1=" " ind2=" ">
      <subfield code="a">9061943841</subfield>
    </datafield>
    <datafield tag="020" ind1=" " ind2=" ">
      <subfield code="a">9789061943846</subfield>
    </datafield>
    <datafield tag="029" ind1="0" ind2=" ">
      <subfield code="a">NLGGC</subfield>
      <subfield code="b">841724415</subfield>
    </datafield>
    <datafield tag="035" ind1=" " ind2=" ">
      <subfield code="a">(OCoLC)781597245</subfield>
    </datafield>
    <datafield tag="043" ind1=" " ind2=" ">
      <subfield code="a">e-ne---</subfield>
    </datafield>
    <datafield tag="050" ind1=" " ind2="4">
      <subfield code="a">Z6621.R49</subfield>
      <subfield code="b">R55 1984</subfield>
    </datafield>
    <datafield tag="082" ind1="0" ind2="4">
      <subfield code="a">011.31</subfield>
      <subfield code="b">R5721h</subfield>
      <subfield code="1">https://id.oclc.org/worldcat/ddc/E36BjxGpGvrvWbkyyCPdrgYjfT</subfield>
    </datafield>
    <datafield tag="084" ind1=" " ind2=" ">
      <subfield code="a">06.14</subfield>
      <subfield code="2">bcl</subfield>
    </datafield>
    <datafield tag="084" ind1=" " ind2=" ">
      <subfield code="a">15.70</subfield>
      <subfield code="2">bcl</subfield>
    </datafield>
    <datafield tag="245" ind1="0" ind2="0">
      <subfield code="a">Handschriften en oude drukken van de Utrechtse Universiteitsbibliotheek /</subfield>
      <subfield code="c">[teksten K. van der Horst, L.C. Kuiper-Brussen, P.N.G. Pesch ; met medew. van G. Gerritsen-Geywitz ... et al. ; foto's van T.J. Oliekan ... et al.].</subfield>
    </datafield>
    <datafield tag="250" ind1=" " ind2=" ">
      <subfield code="a">2e dr.</subfield>
    </datafield>
    <datafield tag="260" ind1=" " ind2=" ">
      <subfield code="a">Utrecht :</subfield>
      <subfield code="b">Universiteitsbibliotheek,</subfield>
      <subfield code="c">1984.</subfield>
    </datafield>
    <datafield tag="300" ind1=" " ind2=" ">
      <subfield code="a">392 p. :</subfield>
      <subfield code="b">illustrations, facs. ;</subfield>
      <subfield code="c">23 cm +</subfield>
      <subfield code="e">corrigenda</subfield>
    </datafield>
    <datafield tag="336" ind1=" " ind2=" ">
      <subfield code="a">tekst</subfield>
      <subfield code="b">txt</subfield>
      <subfield code="2">rdacontent/dut</subfield>
    </datafield>
    <datafield tag="337" ind1=" " ind2=" ">
      <subfield code="a">zonder medium</subfield>
      <subfield code="b">n</subfield>
      <subfield code="2">rdamedia/dut</subfield>
    </datafield>
    <datafield tag="338" ind1=" " ind2=" ">
      <subfield code="a">band</subfield>
      <subfield code="b">nc</subfield>
      <subfield code="2">rdacarrier/dut</subfield>
    </datafield>
    <datafield tag="500" ind1=" " ind2=" ">
      <subfield code="a">Samengesteld bij het 400-jarig bestaan van de Bibliotheek der Rijksuniversiteit, 1584-1984.</subfield>
    </datafield>
    <datafield tag="500" ind1=" " ind2=" ">
      <subfield code="a">1e dr. ook 1984.</subfield>
    </datafield>
    <datafield tag="504" ind1=" " ind2=" ">
      <subfield code="a">Met lit. opg., reg.</subfield>
    </datafield>
    <datafield tag="650" ind1=" " ind2="0">
      <subfield code="a">Manuscripts</subfield>
      <subfield code="z">Netherlands</subfield>
      <subfield code="z">Utrecht</subfield>
      <subfield code="v">Catalogs.</subfield>
    </datafield>
    <datafield tag="650" ind1=" " ind2="0">
      <subfield code="a">Early printed books</subfield>
      <subfield code="z">Netherlands</subfield>
      <subfield code="z">Utrecht</subfield>
      <subfield code="v">Bibliography</subfield>
      <subfield code="v">Catalogs.</subfield>
    </datafield>
    <datafield tag="650" ind1=" " ind2="4">
      <subfield code="a">Book history.</subfield>
    </datafield>
    <datafield tag="650" ind1=" " ind2="4">
      <subfield code="a">Manuscripts. Epigraphy. Paleography.</subfield>
    </datafield>
    <datafield tag="650" ind1=" " ind2="6">
      <subfield code="a">Manuscrits</subfield>
      <subfield code="z">Pays-Bas</subfield>
      <subfield code="z">Utrecht</subfield>
      <subfield code="v">Catalogues.</subfield>
    </datafield>
    <datafield tag="650" ind1=" " ind2="6">
      <subfield code="a">Livres anciens</subfield>
      <subfield code="z">Pays-Bas</subfield>
      <subfield code="z">Utrecht</subfield>
      <subfield code="v">Bibliographie</subfield>
      <subfield code="v">Catalogues.</subfield>
    </datafield>
    <datafield tag="650" ind1=" " ind2="7">
      <subfield code="a">academic libraries (institutions)</subfield>
      <subfield code="2">aat</subfield>
    </datafield>
    <datafield tag="650" ind1=" " ind2="7">
      <subfield code="a">bookstocks.</subfield>
      <subfield code="2">aat</subfield>
    </datafield>
    <datafield tag="650" ind1=" " ind2="7">
      <subfield code="a">manuscripts (documents)</subfield>
      <subfield code="2">aat</subfield>
    </datafield>
    <datafield tag="650" ind1=" " ind2="7">
      <subfield code="a">06.14 catalogues and inventories of manuscripts.</subfield>
      <subfield code="0">(NL-LeOCL)077609654</subfield>
      <subfield code="2">bcl</subfield>
    </datafield>
    <datafield tag="650" ind1=" " ind2="7">
      <subfield code="a">15.70 history of Europe.</subfield>
      <subfield code="0">(NL-LeOCL)077599594</subfield>
      <subfield code="2">bcl</subfield>
    </datafield>
    <datafield tag="650" ind1=" " ind2="7">
      <subfield code="a">Early printed books.</subfield>
      <subfield code="2">fast</subfield>
      <subfield code="0">(OCoLC)fst00900645</subfield>
    </datafield>
    <datafield tag="650" ind1=" " ind2="7">
      <subfield code="a">Manuscripts.</subfield>
      <subfield code="2">fast</subfield>
      <subfield code="0">(OCoLC)fst01008230</subfield>
    </datafield>
    <datafield tag="651" ind1=" " ind2="7">
      <subfield code="a">Netherlands</subfield>
      <subfield code="z">Utrecht.</subfield>
      <subfield code="2">fast</subfield>
      <subfield code="0">(OCoLC)fst01204609</subfield>
      <subfield code="1">https://id.oclc.org/worldcat/entity/E39QbtfRhdj6hCymtbYFKHV6fY</subfield>
    </datafield>
    <datafield tag="650" ind1="1" ind2="7">
      <subfield code="a">Handschriften.</subfield>
      <subfield code="2">gtt</subfield>
      <subfield code="0">(NL-LeOCL)078529840</subfield>
    </datafield>
    <datafield tag="650" ind1="1" ind2="7">
      <subfield code="a">Oude drukken.</subfield>
      <subfield code="2">gtt</subfield>
      <subfield code="0">(NL-LeOCL)078618258</subfield>
    </datafield>
    <datafield tag="650" ind1="1" ind2="7">
      <subfield code="a">Universiteitsbibliotheek Utrecht.</subfield>
      <subfield code="2">gtt</subfield>
      <subfield code="0">(NL-LeOCL)096071060</subfield>
    </datafield>
    <datafield tag="651" ind1=" " ind2="7">
      <subfield code="a">Utrecht (stad)</subfield>
      <subfield code="2">gtt</subfield>
      <subfield code="0">(NL-LeOCL)094927596</subfield>
    </datafield>
    <datafield tag="655" ind1=" " ind2="7">
      <subfield code="a">Bibliographies.</subfield>
      <subfield code="2">fast</subfield>
      <subfield code="0">(OCoLC)fst01919895</subfield>
    </datafield>
    <datafield tag="655" ind1=" " ind2="7">
      <subfield code="a">Catalogs.</subfield>
      <subfield code="2">fast</subfield>
      <subfield code="0">(OCoLC)fst01423692</subfield>
    </datafield>
    <datafield tag="655" ind1=" " ind2="7">
      <subfield code="a">Bibliotheekcatalogi (vorm)</subfield>
      <subfield code="2">gtt</subfield>
      <subfield code="0">(NL-LeOCL)088141756</subfield>
    </datafield>
    <datafield tag="700" ind1="1" ind2=" ">
      <subfield code="a">Horst, K. van der</subfield>
      <subfield code="q">(Koert)</subfield>
      <subfield code="1">https://id.oclc.org/worldcat/entity/E39PBJtrPQgq3j7RmQRWcy4THC</subfield>
    </datafield>
    <datafield tag="700" ind1="1" ind2=" ">
      <subfield code="a">Kuiper-Brussen, Loes</subfield>
      <subfield code="q">(L.C.)</subfield>
      <subfield code="1">https://id.oclc.org/worldcat/entity/E39PCjtKbPdmJrmTMR6PVVHJym</subfield>
    </datafield>
    <datafield tag="700" ind1="1" ind2=" ">
      <subfield code="a">Pesch, P.N.G.</subfield>
      <subfield code="q">(Petrus Nicolaas Gerlachus),</subfield>
      <subfield code="d">1953-</subfield>
      <subfield code="1">https://id.oclc.org/worldcat/entity/E39PCjKPgTy7GRJfpv6gF7rP43</subfield>
    </datafield>
    <datafield tag="710" ind1="2" ind2=" ">
      <subfield code="a">Universiteitsbibliotheek (Utrecht)</subfield>
    </datafield>
    <datafield tag="758" ind1=" " ind2=" ">
      <subfield code="a">Handschriften en oude drukken van de Utrechtse Universiteitsbibliotheek (Text)</subfield>
      <subfield code="1">https://id.oclc.org/worldcat/entity/E39PCGp6V7HHmfJPTGqHWKKQVP</subfield>
      <subfield code="4">https://id.oclc.org/worldcat/ontology/hasWork</subfield>
    </datafield>
    <datafield tag="936" ind1=" " ind2=" ">
      <subfield code="a">BATCHLOAD</subfield>
    </datafield>
  </record>